Home Print Resources E-Books E-Journals IIMT Lecture Series Library Membership Form Book Recommendation Form Campus Tour Take AdmissionAbout Us Contact Us

MULTINATIONAL BUSINESS FINANCE (Record no. 2061)

000 -LEADER
fixed length control field 00385nam a2200157Ia 4500
003 - CONTROL NUMBER IDENTIFIER
control field OSt
005 - DATE AND TIME OF LATEST TRANSACTION
control field 20240409122046.0
008 - FIXED-LENGTH DATA ELEMENTS--GENERAL INFORMATION
fixed length control field 170524s9999 xx 000 0 und d
020 ## - INTERNATIONAL STANDARD BOOK NUMBER
International Standard Book Number 978-1292270081
040 ## - CATALOGING SOURCE
Transcribing agency IIMT UNIVERSITY
100 ## - MAIN ENTRY--PERSONAL NAME
Personal name EITEMAN, DAVID.K
245 #0 - TITLE STATEMENT
Title MULTINATIONAL BUSINESS FINANCE
260 ## - PUBLICATION, DISTRIBUTION, ETC.
Place of publication, distribution, etc. DELHI
Name of publisher, distributor, etc. PEARSON EDUCATION
Date of publication, distribution, etc. 2004
300 ## - PHYSICAL DESCRIPTION
Extent 772
942 ## - ADDED ENTRY ELEMENTS (KOHA)
Source of classification or shelving scheme
Koha item type Book Bank
Holdings
Withdrawn status Lost status Source of classification or shelving scheme Damaged status Not for loan Home library Current library Date acquired Barcode Date last seen Uniform Resource Identifier Price effective from Koha item type Cost, normal purchase price Inventory number
          IIMT University Central Library Meerut IIMT University Central Library Meerut 05/31/2017 01-B-10049 05/31/2017 FINANCE 05/31/2017 Book Bank    
          IIMT University Central Library Meerut IIMT University Central Library Meerut 12/09/2025 01-B-10050 07/02/2022 FINANCE 07/02/2022 Book Bank 375.00 IN/252
IIMT, Central Library. All Rights Reserved IIMT,UNIVERSITY © 2023
Implemented and Customised by I CLOUDE EMS
You Are OPAC Visitor No
free web counter

Powered by Koha